|
|
|
|
| LEADER |
01805cas a2200241 a 4500 |
| 001 |
AALejournalIMF000258 |
| 008 |
230101c9999 xx r poo 0 0eng d |
| 020 |
|
|
|c 5.00 USD
|
| 020 |
|
|
|z 9781451848656
|
| 022 |
|
|
|a 1018-5941
|
| 040 |
|
|
|a BD-DhAAL
|c BD-DhAAL
|
| 100 |
1 |
|
|a Green, J.
|
| 245 |
1 |
0 |
|a Inflation Targeting :
|b Theory and Policy Implications /
|c J. Green.
|
| 264 |
|
1 |
|a Washington, D.C. :
|b International Monetary Fund,
|c 1996.
|
| 300 |
|
|
|a 1 online resource (22 pages)
|
| 490 |
1 |
|
|a IMF Working Papers
|
| 500 |
|
|
|a <strong>Off-Campus Access:</strong> No User ID or Password Required
|
| 500 |
|
|
|a <strong>On-Campus Access:</strong> No User ID or Password Required
|
| 506 |
|
|
|a Electronic access restricted to authorized BRAC University faculty, staff and students
|
| 520 |
3 |
|
|a As with many monetary policy frameworks, inflation targeting is subject to the well-known problem of inflation bias. With inflation targeting, however, the bias becomes apparent not as inflation above desired levels, but as a wedge between the announced target and observed inflation. This inconsistency could render the framework neither credible nor enforceable since the target is overshot on average. The problem can be addressed by assigning price stability as the single policy objective or by assigning a joint target for both inflation and output, provided that they are consistent. Many inflation targeting countries take the joint target approach implicitly through transparency measures which publicly assess monetary conditions in terms of potential output and output gaps.
|
| 538 |
|
|
|a Mode of access: Internet
|
| 830 |
|
0 |
|a IMF Working Papers; Working Paper ;
|v No. 1996/065
|
| 856 |
4 |
0 |
|z Full text available on IMF
|u http://elibrary.imf.org/view/journals/001/1996/065/001.1996.issue-065-en.xml
|z IMF e-Library
|